000 00313nam a22001337a 4500
008 181001b xxu||||| |||| 00| 0 eng d
020 _a9780195440201
041 _aeng
080 _a574
100 _a9
101 _aMJE
245 _aIntroduction International Develo[pment
_cHsaslam.P.A
942 _2udc
_cBK
999 _c48716
_d48716